Online
Catalog

Aproleche : revista / (Record no. 58898)

MARC details
000 -CABECERA
campo de control de longitud fija 01259nas a2200277 a 4500
001 - NÚMERO DE CONTROL
campo de control 252639
005 - FECHA Y HORA DE LA ÚLTIMA TRANSACCIÓN
campo de control 20250611120015.0
007 - CAMPO FIJO DE DESCRIPCIÓN FÍSICA--INFORMACIÓN GENERAL
campo de control de longitud fija ta
008 - DATOS DE LONGITUD FIJA--INFORMACIÓN GENERAL
campo de control de longitud fija 250501e2000 dr bn|p|r||||||0| | spa d
040 ## - FUENTE DE LA CATALOGACIÓN
Centro catalogador/agencia de origen DO-SdBNP
Centro/agencia transcriptor DO-SdBNP
Normas de descripción rda
041 ## - CÓDIGO DE LENGUA
Código de lengua original spa
110 ## - ENTRADA PRINCIPAL--NOMBRE DE ENTIDAD CORPORATIVA
Nombre de entidad corporativa o nombre de jurisdicción como elemento de entrada República Dominicana. Asociación de Productores de Leche, (Aproleche)
9 (RLIN) 87623
245 ## - MENCIÓN DE TÍTULO
Título Aproleche : revista /
Mención de responsabilidad, etc. Asociación Dominicana de Productores de Leche, (Aproleche).
264 ## - PRODUCCIÓN, PUBLICACIÓN, DISTRIBUCIÓN, FABRICACIÓN Y COPYRIGHT
Producción, publicación, distribución, fabricación y copyright Santo Domingo, República Dominicana :
Nombre del de productor, editor, distribuidor, fabricante Asociación de Productores de Leche, (Aproleche),
Fecha de producción, publicación, distribución, fabricación o copyright 2000.
300 ## - DESCRIPCIÓN FÍSICA
Extensión volumen :
Otras características físicas ilustraciones, fotografías ;
Dimensiones 28 cm.
310 ## - PERIODICIDAD ACTUAL
Periodicidad actual Bimestral.
336 ## - TIPO DE CONTENIDO
Término de tipo de contenido texto
Código de tipo de contenido txt
Fuente rdacontent
337 ## - TIPO DE MEDIO
Nombre/término del tipo de medio sin mediación
Código del tipo de medio n
Fuente rdamedia
338 ## - TIPO DE SOPORTE
Nombre/término del tipo de soporte volumen
Código del tipo de soporte nc
Fuente rdacarrier
362 ## - FECHAS DE PUBLICACIÓN Y/O DESIGNACIÓN SECUENCIAL
Fecha de publicación y/o designación secuencial Volumen 9, mayo-junio 2000.
520 ## - SUMARIO, ETC.
Sumario, etc. La Asociación de Productores de Leche (Aproleche) se concentra en abastecer, unir y apoyar a los productores de República Dominicano, impulsando la productividad de leche...
650 ## - PUNTO DE ACCESO ADICIONAL DE MATERIA--TÉRMINO DE MATERIA
9 (RLIN) 48220
Término de materia o nombre geográfico como elemento de entrada Asociación de Productores de Leche
Subdivisión de forma Publicaciones periódicas
Subdivisión geográfica República Dominicana
650 ## - PUNTO DE ACCESO ADICIONAL DE MATERIA--TÉRMINO DE MATERIA
9 (RLIN) 48221
Término de materia o nombre geográfico como elemento de entrada Leche
Subdivisión de forma Publicaciones periódicas
Subdivisión geográfica República Dominicana
655 #0 - TÉRMINO DE INDIZACIÓN--GÉNERO/FORMA
Datos o término principal de género/forma Publicaciones periódicas
9 (RLIN) 87420
942 ## - ELEMENTOS DE PUNTO DE ACCESO ADICIONAL (KOHA)
Fuente del sistema de clasificación o colocación Dewey Decimal Classification
Tipo de ítem Koha Publicación periódica
Holdings
Estado de retiro Estado de pérdida Fuente del sistema de clasificación o colocación Estado dañado Restricciones de uso No para préstamo Código de colección Localización permanente Ubicación/localización actual Fecha de adquisición Enumeración/cronología de publicación seriada Total de préstamos Código de barras Fecha visto por última vez Número de copia Precio válido a partir de Tipo de ítem Koha Nota pública
    Dewey Decimal Classification   Préstamo en sala   Hemeroteca Biblioteca Nacional Pedro Henríquez Ureña Biblioteca Nacional Pedro Henríquez Ureña 01.05.2025 Volumen 9, mayo-junio 2000   2025-3912 01.05.2025 e.1 01.05.2025 Publicación periódica Parmalat ampliará operaciones en el país.

Powered by Koha